Banky: zúročia i poistia

Spolupráca bánk a poisťovní. Banky, aby uživili svoju pobočkovú sieť, rozšírili svoje pôsobenie. Banky už bežne v pobočkách predávajú podielové fondy, doplnkové dôchodkové poistenie (DDP), majú vlastné lízingové a faktoringové spoločnosti. Výhody a nevýhody spolupráce. Poistenia, ktoré môžu poskytov...

Descripción completa

Guardado en:
Detalles Bibliográficos
Autor principal: Kláseková, Martina
Otros Autores: Záborský, Ján
Formato: Capítulo de libro
Lenguaje:eslovaco
Materias:
Etiquetas: Agregar Etiqueta
Sin Etiquetas, Sea el primero en etiquetar este registro!

MARC

LEADER 00000naa$a2200000$$$4500
001 0006259
005 20231009074601.7
041 0 |a slo 
044 |a SK 
245 1 0 |a Banky: zúročia i poistia  |c aut. Martina Kláseková, Ján Záborský 
520 |a Spolupráca bánk a poisťovní. Banky, aby uživili svoju pobočkovú sieť, rozšírili svoje pôsobenie. Banky už bežne v pobočkách predávajú podielové fondy, doplnkové dôchodkové poistenie (DDP), majú vlastné lízingové a faktoringové spoločnosti. Výhody a nevýhody spolupráce. Poistenia, ktoré môžu poskytovať aj banky. Cenové výhody. Skúsenosti s bankopoistením vo svete. 
610 2 0 |a banky 
610 2 0 |a poisťovne 
610 2 0 |a spolupráca podnikov 
610 2 0 |a poistenie 
610 2 0 |a fondy podielové 
610 2 0 |a lízing 
610 2 0 |a faktoring 
610 2 0 |a Slovensko 
610 2 0 |a svet 
100 1 |a Kláseková, Martina 
700 1 |a Záborský, Ján